Наша железнодорожная политика по вновь изданным официальным материалам (Запись № 5306868)

Подробности
000 -МАРКЕР
контрольное поле 02548nam0a22003371 4500
001 - ИДЕНТИФИКАТОР ЗАПИСИ
контрольное поле v19\rc\1746704
005 - ИДЕНТИФИКАТОР ВЕРСИИ
контрольное поле 20250619115428.0
035 ## - ДРУГИЕ СИСТЕМНЫЕ НОМЕРА
Идентификатор записи (NLR Aleph) 004894496
100 ## - ДАННЫЕ ОБЩЕЙ ОБРАБОТКИ
Данные общей обработки 20061204e19021902|||y0rusy50 ca
101 0# - ЯЗЫК РЕСУРСА
Язык текста, звукозаписи и т.д. русский
102 ## - СТРАНА ПУБЛИКАЦИИ ИЛИ ПРОИЗВОДСТВА
Страна публикации Российская Федерация
105 ## - ПОЛЕ КОДИРОВАННЫХ ДАННЫХ: ТЕКСТОВЫЕ МАТЕРИАЛЫ, МОНОГРАФИЧЕСКИЕ
Кодированные данные о монографическом текстовом документе y z |||c|
200 1# - ЗАГЛАВИЕ И СВЕДЕНИЯ ОБ ОТВЕТСТВЕННОСТИ
Основное заглавие Наша железнодорожная политика по вновь изданным официальным материалам
Сведения, относящиеся к заглавию [Рец. на книгу:] "Наша железнодорожная политика"
-- По док. Архива Комитета мин.
-- Ист. очерк, составл. начальником отделения Канцелярии Комитета министров Н.А. Кислинским
Первые сведения об ответственности Изд. Канцелярии Комитета министров под главной редакцией статс-секретаря Куломзина. Спб, 1902 г. 2 тома
210 ## - ПУБЛИКАЦИЯ, РАСПРОСТРАНЕНИЕ И ДР.
Место издания, распространения и т.д. [Санкт-Петербург]
Имя издателя, распространителя и т. д. тип. М-ва пут. сообщ.
Дата издания, распространения и т.д. [1902]
215 ## - ФИЗИЧЕСКАЯ ХАРАКТЕРИСТИКА
Специфическое обозначение материала и объем 72 с.
Размеры 23
300 ## - ОБЩИЕ ПРИМЕЧАНИЯ
Текст примечания В конце текста: Г.Е.
309 ## - ПРИМЕЧАНИЯ ОБ ОСНОВНОМ ИСТОЧНИКЕ ИНФОРМАЦИИ И ОБ ОСОБЕННОСТЯХ ПОЛИГРАФИЧЕСКОГО ОФОРМЛЕНИЯ ИЗДАНИЯ
Текст примечания Без тит. л. и обл.
311 ## - ПРИМЕЧАНИЯ, ОТНОСЯЩИЕСЯ К ПОЛЯМ СВЯЗИ (ПРИМЕЧАНИЯ О СВЯЗИ С ДРУГИМИ ПРОИЗВЕДЕНИЯМИ (ИЗДАНИЯМИ))
Текст примечания Извлеч. из "Журн. М-ва пут. сообщ." Кн. 7 и 8, 1902 г.
470 #0 - РЕЦЕНЗИРУЕМЫЙ, РЕФЕРИРУЕМЫЙ ДОКУМЕНТ
Встроенное поле 2001#$aНаша железнодорожная политика$eПо документам Архива Комитета министров$eИсторический очерк, составленный начальником отделения Канцелярии Комитета министров Н.А. Кислинским$fИздание Канцелярии Комитета министров под главною редакцией статс-секретаря Куломзина
-- 210##$aСанкт-Петербург$d1902
-- 215##$a2 т.
-- 700#1$aКислинский$bН.А.$gНиколай Андреевич
Заглавие Наша железнодорожная политика
Автор Кислинский, Николай Андреевич
488 #0 - ДРУГИЕ ВЗАИМОСВЯЗАННЫЕ ПРОИЗВЕДЕНИЯ (ДОКУМЕНТЫ)
Встроенное поле 2001#$aЖурнал Министерства путей сообщения$v1902, кн. 7, 8
Заглавие Журнал Министерства путей сообщения
701 #0 - ИМЯ ЛИЦА - АЛЬТЕРНАТИВНАЯ ОТВЕТСТВЕННОСТЬ
Начальный элемент ввода Г.Е.
702 #1 - ИМЯ ЛИЦА - ВТОРИЧНАЯ ОТВЕТСТВЕННОСТЬ
Код отношения Редактор
Начальный элемент ввода Куломзин
Часть имени, кроме начального элемента ввода А. Н.
Даты 1838-1923
Расширение инициалов личного имени Анатолий Николаевич
Системный номер авторитетной/нормативной записи 169479
Идентификатор авторитетной/нормативной записи RU\NLR\AUTH\770169529
801 #0 - ИСТОЧНИК ЗАПИСИ
Страна Российская Федерация
Организация NLR
Правила каталогизации psbo
801 #0 - ИСТОЧНИК ЗАПИСИ
Страна Российская Федерация
Организация RuMoRGB
Источник данных psbo
801 #1 - ИСТОЧНИК ЗАПИСИ
Страна Российская Федерация
Организация ProSoft-M
Источник данных rusmarc
852 ## - МЕСТОНАХОЖДЕНИЕ И ШИФР ХРАНЕНИЯ
Идентификатор организации NLR
Шифр хранения (Call Number) 34.87.2.7
852 ## - МЕСТОНАХОЖДЕНИЕ И ШИФР ХРАНЕНИЯ
Идентификатор организации NLR
Наименование фонда или коллекции (Sub-Location Identifier) Мф
Шифр хранения (Call Number) К1/17764
942 ## - ДОПОЛНИТЕЛЬНЫЕ ЭЛЕМЕНТЫ ЗАПИСИ (АБИС)
Тип экземпляра АБИС Книга
980 ## - КОЛЛЕКЦИЯ
Название коллекции Национальная библиография
Экземпляры
Тип экземпляра Дата поступления Библиотека постоянного хранения Библиотека текущего хранения Место хранения Шифр хранения Штрих-код Статус экземпляра
Книга 26.10.2013 РНБ (Московский) РНБ (Московский) Фонд микроформ Мф К1/17764 4894496-20  
Книга 26.10.2013 РНБ (Садовая) РНБ (Садовая) Русский книжный фонд -Главное здание, Ленинский читальный зал 34.87.2.7 4894496-10